Départements qui bordent le Golfe de Gascogne - Statistiques

Statistiques générales
  • Ce quiz a été pris 10 160 fois
  • Le résultat moyen est 7 sur 8
Réponses sur la Carte
Les réponses sont colorées sur une échelle allant du rouge au vert en fonction du pourcentage des utilisateurs qui les ont devinées à leur premier essai. Vous pouvez retrouver ces pourcentages ci-dessous.
 
Statistiques - réponses
Département % Correct
29 Finistère
96%
33 Gironde
91%
44 Loire-Atlantique
87%
56 Morbihan
87%
64 Pyrénées-Atlantiques
86%
85 Vendée
86%
40 Landes
84%
17 Charente-Maritime
83%
Aucun quiz correspondant
Distribution des résultats
% des personnes avec chaque résultat
Percentile par nombre de réponses
Votre historique - résultats
Vous n’avez pas pris ce quiz